02731nam a2200517 u 450000100070000000500170000700800410002403500110006503500210007604000130009704100080011008000070011811100880012524500300021326000690024330000100031250000200032250500210034250500700036350500740043350501140050750500640062150500610068550500500074650500590079650501500085550501140100550501130111950501260123250500390135850501170139750500530151450500350156750500810160250500610168350500530174450501250179750500400192265000230196265000310198565000240201665000220204094200090206299900190207195201230209058121520260506084335.0000222s1999 spa  a581215 a(OCoLC)777766741 ccomduadb aspa aSF20aSeminario Internacional sobre Calidad de la Leche (2. : 1999 : Medellin),4auteaut10aCompetitividad y proteina aMedellín :bColanta (Cooperativa Lechera de Antioquia),c1999. a292p. aDon.2000-02-17.80tPor que proteina80tEfecto de la edad (madurez) del pasto Kikuyo en la digestibilidad80tEfectos de la fertilizacion nitrogenada sobre la proteina del forraje80tDe la proteina del forraje a la proteina en la leche,metabolismo del nitrogeno del forraje en la vaca lechera80tLa urea de la leche como expresion de la proteina verdadera80tFactores que afectan el contenido de solidos de la leche80tConcentrados para incrementar proteina lactea80tComo mejorar la proteina con una adecuada alimentacion80tEfecto de la monensina sobre el metabolismo ruminal en ganado : implicaciones para vacas lecheras lactentes con referencia a proteina en la leche80tInfluencia de la suplementacion con metionina protegida, en la produccion lactea de vacas de alto rendimiento80tSistema de campo para estimar el contenido de materia seca en los pastos, por el metodo del horno microondas80tEfecto del tipo de suplementacion en la produccion y composicion proteica de la leche de vacas bajo pastoreo en Antioquia80tCaseina, en el mejoramiento animal80tEfecto de la utilizacion de sales calcicas de acidos grasos de aceite de palma en un hato del Oriente Antioqueno80tMejoramiento genetico de componentes de la leche80tMastitis y calidad de la leche80tInfluencia de la actividad bacterial en la calidad y composicion de la leche80tImportancia de las proteinas en la leche y sus derivados80tBeneficio economico de la calidad : Mesa redonda80tAnalisis bromatologico de pastos y concentrados : proteina, grasa, fibra, ceniza, fosforo, calcio, materia seca : Taller80tNutricion animal y calidad : taller 7aLeche2embne95188 aCalidad de la leche948745 aProteínas9174907 aSeminarios911358 cBOOK c145932d145932 001040708GENERALaBRbBRd2000-02-22iC623600l0oSF251 S4c 1999p0746837r2023-04-22 00:00:00t1w2023-04-22yBOOK